000 00460nam a2200181Ia 4500
001 14745
005 20260306164937.0
008 260306t2009||||xx |||||||||||||| ||spa||
041 _aESP
082 _a519.2
_bA174
100 _aAsín, Jesús
_eAUT
245 0 _aProbabilidad y estadística en ingeniería:
_bejercicios resueltos
260 _c2009
300 _ax, 252 páginas :
_c23 cm.
650 _aGEN
654 _aCMA
942 _cLIB
_dJUS
_fJUS
_2ddc
_n
999 _c14745
_d14745